<?xml version="1.0" encoding="UTF-8"?>
<collection xmlns="http://www.loc.gov/MARC21/slim">
 <record>
  <leader>02882nam a22003257a 4500</leader>
  <controlfield tag="001">NCT_73283</controlfield>
  <controlfield tag="008">200210b        xxu||||| |||| 00| 0 vie d</controlfield>
  <datafield tag="999" ind1=" " ind2=" ">
   <subfield code="c">3570</subfield>
   <subfield code="d">3570</subfield>
  </datafield>
  <datafield tag="020" ind1=" " ind2=" ">
   <subfield code="a">9786040062895</subfield>
   <subfield code="c">48000</subfield>
  </datafield>
  <datafield tag="082" ind1="0" ind2="4">
   <subfield code="2">23rd ed.</subfield>
   <subfield code="a">332.042</subfield>
   <subfield code="b">V312</subfield>
  </datafield>
  <datafield tag="100" ind1="1" ind2=" ">
   <subfield code="a">Đàm Quang Vinh</subfield>
   <subfield code="e">Chủ biên</subfield>
  </datafield>
  <datafield tag="245" ind1="1" ind2="0">
   <subfield code="a">Tài chính quốc tế</subfield>
   <subfield code="c">Đàm Quang Vinh, Nguyễn Quang Huy (Đồng chủ biên); Vũ Thị Minh Ngọc</subfield>
  </datafield>
  <datafield tag="260" ind1=" " ind2=" ">
   <subfield code="a">H.</subfield>
   <subfield code="b">Giáo dục Việt Nam</subfield>
   <subfield code="c">2014</subfield>
  </datafield>
  <datafield tag="300" ind1=" " ind2=" ">
   <subfield code="a">242 tr.</subfield>
   <subfield code="b">Minh hoạ</subfield>
   <subfield code="c">24cm</subfield>
  </datafield>
  <datafield tag="520" ind1="3" ind2=" ">
   <subfield code="a">Cuốn sách này cung cấp những kiến thức căn bản nhất khi tiếp cận lý thuyết về tài chính quốc tế, ngoài ra cuốn sách còn cung cấp các bài thảo luận tình huống và cửa sổ thông tin giúp các giảng viên và sinh viên thảo luận các giải pháp tài chính thực tế của thị trường tài chính quốc tế cũng như lịch sử diễn biến các vấn đề tài chính quốc tế trên thế giới và Việt Nam</subfield>
  </datafield>
  <datafield tag="653" ind1=" " ind2=" ">
   <subfield code="a">Tài chính - Ngân hàng.</subfield>
  </datafield>
  <datafield tag="700" ind1="1" ind2=" ">
   <subfield code="a">Nguyễn Quang Huy</subfield>
   <subfield code="e">Đồng chủ biên</subfield>
  </datafield>
  <datafield tag="700" ind1="1" ind2=" ">
   <subfield code="a">Vũ Thị Minh Ngọc</subfield>
  </datafield>
  <datafield tag="942" ind1=" " ind2=" ">
   <subfield code="2">ddc</subfield>
   <subfield code="c">BK</subfield>
  </datafield>
  <datafield tag="952" ind1=" " ind2=" ">
   <subfield code="0">0</subfield>
   <subfield code="1">0</subfield>
   <subfield code="2">ddc</subfield>
   <subfield code="4">0</subfield>
   <subfield code="6">332_042000000000000_V312</subfield>
   <subfield code="7">0</subfield>
   <subfield code="9">18470</subfield>
   <subfield code="a">000001</subfield>
   <subfield code="b">000001</subfield>
   <subfield code="d">2020-02-10</subfield>
   <subfield code="o">332.042 V312</subfield>
   <subfield code="p">MD.16625</subfield>
   <subfield code="r">2020-02-10</subfield>
   <subfield code="v">48000.00</subfield>
   <subfield code="w">2020-02-10</subfield>
   <subfield code="y">BK</subfield>
  </datafield>
  <datafield tag="952" ind1=" " ind2=" ">
   <subfield code="0">0</subfield>
   <subfield code="1">0</subfield>
   <subfield code="2">ddc</subfield>
   <subfield code="4">0</subfield>
   <subfield code="6">332_042000000000000_V312</subfield>
   <subfield code="7">0</subfield>
   <subfield code="9">18471</subfield>
   <subfield code="a">000001</subfield>
   <subfield code="b">000001</subfield>
   <subfield code="d">2020-02-10</subfield>
   <subfield code="o">332.042 V312</subfield>
   <subfield code="p">MD.16626</subfield>
   <subfield code="r">2020-02-10</subfield>
   <subfield code="v">48000.00</subfield>
   <subfield code="w">2020-02-10</subfield>
   <subfield code="y">BK</subfield>
  </datafield>
  <datafield tag="952" ind1=" " ind2=" ">
   <subfield code="0">0</subfield>
   <subfield code="1">0</subfield>
   <subfield code="2">ddc</subfield>
   <subfield code="4">0</subfield>
   <subfield code="6">332_042000000000000_V312</subfield>
   <subfield code="7">0</subfield>
   <subfield code="9">18472</subfield>
   <subfield code="a">000001</subfield>
   <subfield code="b">000001</subfield>
   <subfield code="d">2020-02-10</subfield>
   <subfield code="o">332.042 V312</subfield>
   <subfield code="p">MD.16627</subfield>
   <subfield code="r">2020-02-10</subfield>
   <subfield code="v">48000.00</subfield>
   <subfield code="w">2020-02-10</subfield>
   <subfield code="y">BK</subfield>
  </datafield>
  <datafield tag="952" ind1=" " ind2=" ">
   <subfield code="0">0</subfield>
   <subfield code="1">0</subfield>
   <subfield code="2">ddc</subfield>
   <subfield code="4">0</subfield>
   <subfield code="6">332_042000000000000_V312</subfield>
   <subfield code="7">0</subfield>
   <subfield code="9">18473</subfield>
   <subfield code="a">000001</subfield>
   <subfield code="b">000001</subfield>
   <subfield code="d">2020-02-10</subfield>
   <subfield code="o">332.042 V312</subfield>
   <subfield code="p">MD.16628</subfield>
   <subfield code="r">2020-02-10</subfield>
   <subfield code="v">48000.00</subfield>
   <subfield code="w">2020-02-10</subfield>
   <subfield code="y">BK</subfield>
  </datafield>
  <datafield tag="952" ind1=" " ind2=" ">
   <subfield code="0">0</subfield>
   <subfield code="1">0</subfield>
   <subfield code="2">ddc</subfield>
   <subfield code="4">0</subfield>
   <subfield code="6">332_042000000000000_V312</subfield>
   <subfield code="7">0</subfield>
   <subfield code="9">18474</subfield>
   <subfield code="a">000001</subfield>
   <subfield code="b">000001</subfield>
   <subfield code="d">2020-02-10</subfield>
   <subfield code="o">332.042 V312</subfield>
   <subfield code="p">MD.16629</subfield>
   <subfield code="r">2020-02-10</subfield>
   <subfield code="v">48000.00</subfield>
   <subfield code="w">2020-02-10</subfield>
   <subfield code="y">BK</subfield>
  </datafield>
  <datafield tag="952" ind1=" " ind2=" ">
   <subfield code="0">0</subfield>
   <subfield code="1">0</subfield>
   <subfield code="2">ddc</subfield>
   <subfield code="4">0</subfield>
   <subfield code="6">332_042000000000000_V312</subfield>
   <subfield code="7">0</subfield>
   <subfield code="9">18475</subfield>
   <subfield code="a">000001</subfield>
   <subfield code="b">000001</subfield>
   <subfield code="d">2020-02-10</subfield>
   <subfield code="o">332.042 V312</subfield>
   <subfield code="p">MD.16630</subfield>
   <subfield code="r">2020-02-10</subfield>
   <subfield code="v">48000.00</subfield>
   <subfield code="w">2020-02-10</subfield>
   <subfield code="y">BK</subfield>
  </datafield>
  <datafield tag="952" ind1=" " ind2=" ">
   <subfield code="0">0</subfield>
   <subfield code="1">0</subfield>
   <subfield code="2">ddc</subfield>
   <subfield code="4">0</subfield>
   <subfield code="6">332_042000000000000_V312</subfield>
   <subfield code="7">0</subfield>
   <subfield code="9">18476</subfield>
   <subfield code="a">000001</subfield>
   <subfield code="b">000001</subfield>
   <subfield code="d">2020-02-10</subfield>
   <subfield code="o">332.042 V312</subfield>
   <subfield code="p">MD.16631</subfield>
   <subfield code="r">2020-02-10</subfield>
   <subfield code="v">48000.00</subfield>
   <subfield code="w">2020-02-10</subfield>
   <subfield code="y">BK</subfield>
  </datafield>
  <datafield tag="952" ind1=" " ind2=" ">
   <subfield code="0">0</subfield>
   <subfield code="1">0</subfield>
   <subfield code="2">ddc</subfield>
   <subfield code="4">0</subfield>
   <subfield code="6">332_042000000000000_V312</subfield>
   <subfield code="7">0</subfield>
   <subfield code="9">18477</subfield>
   <subfield code="a">000001</subfield>
   <subfield code="b">000001</subfield>
   <subfield code="d">2020-02-10</subfield>
   <subfield code="o">332.042 V312</subfield>
   <subfield code="p">MD.16632</subfield>
   <subfield code="r">2020-02-10</subfield>
   <subfield code="v">48000.00</subfield>
   <subfield code="w">2020-02-10</subfield>
   <subfield code="y">BK</subfield>
  </datafield>
  <datafield tag="952" ind1=" " ind2=" ">
   <subfield code="0">0</subfield>
   <subfield code="1">0</subfield>
   <subfield code="2">ddc</subfield>
   <subfield code="4">0</subfield>
   <subfield code="6">332_042000000000000_V312</subfield>
   <subfield code="7">0</subfield>
   <subfield code="9">18478</subfield>
   <subfield code="a">000001</subfield>
   <subfield code="b">000001</subfield>
   <subfield code="d">2020-02-10</subfield>
   <subfield code="o">332.042 V312</subfield>
   <subfield code="p">MD.16633</subfield>
   <subfield code="r">2020-02-10</subfield>
   <subfield code="v">48000.00</subfield>
   <subfield code="w">2020-02-10</subfield>
   <subfield code="y">BK</subfield>
  </datafield>
  <datafield tag="952" ind1=" " ind2=" ">
   <subfield code="0">0</subfield>
   <subfield code="1">0</subfield>
   <subfield code="2">ddc</subfield>
   <subfield code="4">0</subfield>
   <subfield code="6">332_042000000000000_V312</subfield>
   <subfield code="7">0</subfield>
   <subfield code="9">18479</subfield>
   <subfield code="a">000001</subfield>
   <subfield code="b">000001</subfield>
   <subfield code="d">2020-02-10</subfield>
   <subfield code="o">332.042 V312</subfield>
   <subfield code="p">MD.16634</subfield>
   <subfield code="r">2020-02-10</subfield>
   <subfield code="v">48000.00</subfield>
   <subfield code="w">2020-02-10</subfield>
   <subfield code="y">BK</subfield>
  </datafield>
  <datafield tag="980" ind1=" " ind2=" ">
   <subfield code="a">Thư viện Trường Đại học Nam Cần Thơ</subfield>
  </datafield>
 </record>
</collection>
